000 00858cam3a220024100 4500
001 lce00707271
008 710204s1970 caua 001 0 eng
010 _a 70116898
020 _a0716704390
035 _a(Sirsi) r11887
035 _a(DLC) 70116898
035 _a(UPRA)lce00707271
050 0 _aQA93
_b.J33
082 _a510
100 1 _aJacobs, Harold R.
_6A66204.1
245 1 0 _aMathematics, a human endeavor;
_ba textbook for those who think they don't like the subject
_c[by] Harold R. Jacobs.
260 _aSan Francisco,
_bW. H. Freeman
_c[1970]
490 0 _aA Series of books in mathematics
_6S1973.1
500 _a"Get off the earth puzzle": 1 disc in pocket.
650 0 _aMathematics -- Popular works.
_xMathematics -- Popular works.
_6S35314.1
949 _aQA93
_wlcc
_i33729000227533
_mMAIN
_p2500
_tBOOK
_lON-SHELF
004 11887
999 _c144771
_d144771